Chicago Blackhawks Leaders - Statistics

General Stats
  • This quiz has been taken 102 times
  • The average score is 50 of 100
Answer Stats
Stat Number Answer % Correct
Most Goals 446 Patrick Kane
100%
Most Assists 779 Patrick Kane
100%
Most Points 1225 Patrick Kane
100%
Most Games Played 1161 Patrick Kane
100%
Most Game Winning Goals 67 Patrick Kane
100%
Most Goals 372 Jonathan Toews
98%
Most Assists 511 Jonathan Toews
98%
Most Points 883 Jonathan Toews
98%
Most Games Played 1067 Jonathan Toews
98%
Most Game Winning Goals 69 Jonathan Toews
98%
Most Goals 604 Bobby Hull
88%
Most Assists 549 Bobby Hull
88%
Most Points 1153 Bobby Hull
88%
Most Games Played 1036 Bobby Hull
88%
Most Game Winning Goals 98 Bobby Hull
88%
Most Games Played (Goalie) 488 Corey Crawford
86%
Most Wins 260 Corey Crawford
86%
Most Shutouts 26 Corey Crawford
86%
Best Career Save Percentage 0.918 Corey Crawford
86%
Best Career Goals Against Average 2.45 Corey Crawford
86%
Most Assists 520 Duncan Keith
86%
Most Points 625 Duncan Keith
86%
Most Games Played 1192 Duncan Keith
86%
Most Goals 298 Dennis Hull
84%
Most Points 640 Dennis Hull
84%
Most Games Played 904 Dennis Hull
84%
Most Game Winning Goals 43 Dennis Hull
84%
Most Goals 541 Stan Mikita
84%
Most Assists 926 Stan Mikita
84%
Most Points 1467 Stan Mikita
84%
Most Games Played 1396 Stan Mikita
84%
Most Game Winning Goals 84 Stan Mikita
84%
Most Games Played 1114 Brent Seabrook
67%
Most Game Winning Goals 39 Patrick Sharp
67%
Most Games Played (Goalie) 873 Tony Esposito
67%
Most Wins 418 Tony Esposito
67%
Most Shutouts 74 Tony Esposito
67%
Best Career Save Percentage 0.906 Tony Esposito
67%
Most Games Played (Goalie) 415 Ed Belfour
58%
Most Wins 201 Ed Belfour
58%
Most Shutouts 30 Ed Belfour
58%
Best Career Save Percentage 0.903 Ed Belfour
58%
Best Career Goals Against Average 2.65 Ed Belfour
58%
Most Goals 377 Denis Savard
56%
Most Assists 719 Denis Savard
56%
Most Points 1096 Denis Savard
56%
Most Game Winning Goals 46 Denis Savard
56%
Most Goals 267 Jeremy Roenick
56%
Most Game Winning Goals 38 Jeremy Roenick
56%
Most Assists 395 Chris Chelios
50%
Most Games Played (Goalie) 618 Glenn Hall
48%
Most Wins 276 Glenn Hall
48%
Most Shutouts 51 Glenn Hall
48%
Best Career Save Percentage 0.916 Glenn Hall
48%
Best Career Goals Against Average 2.60 Glenn Hall
48%
Most Goals 406 Steve Larmer
45%
Most Assists 517 Steve Larmer
45%
Most Points 923 Steve Larmer
45%
Most Game Winning Goals 49 Steve Larmer
45%
Most Assists 400 Pierre Pilote
33%
Most Assists 554 Doug Wilson
31%
Most Points 779 Doug Wilson
31%
Most Games Played 938 Doug Wilson
31%
Most Games Played (Goalie) 288 Nikolai Khabibulin
28%
Most Wins 91 Nikolai Khabibulin
28%
Best Career Save Percentage 0.902 Nikolai Khabibulin
28%
Best Career Goals Against Average 2.84 Nikolai Khabibulin
28%
Most Goals 268 Tony Amonte
27%
Most Games Played 1008 Bob Murray
20%
Best Career Save Percentage 0.923 Scott Darling
20%
Best Career Goals Against Average 2.37 Scott Darling
20%
Most Games Played (Goalie) 331 Jocelyn Thibault
16%
Most Wins 137 Jocelyn Thibault
16%
Most Shutouts 28 Jocelyn Thibault
16%
Best Career Save Percentage 0.905 Jocelyn Thibault
16%
Best Career Goals Against Average 2.62 Jocelyn Thibault
16%
Most Games Played (Goalie) 321 Murray Bannerman
14%
Most Wins 116 Murray Bannerman
14%
Most Points 627 Pit Martin
13%
Best Career Goals Against Average 2.51 Cristobal Huet
11%
Most Goals 258 Bill Mosienko
9%
Most Games Played (Goalie) 308 Charlie Gardiner
9%
Most Wins 112 Charlie Gardiner
9%
Most Shutouts 42 Charlie Gardiner
9%
Best Career Goals Against Average 2.02 Charlie Gardiner
9%
Most Shutouts 14 Jeff Hackett
9%
Best Career Save Percentage 0.913 Jeff Hackett
9%
Best Career Goals Against Average 2.47 Jeff Hackett
9%
Most Games Played (Goalie) 206 Denis DeJordy
8%
Most Wins 86 Denis DeJordy
8%
Most Shutouts 13 Denis DeJordy
8%
Best Career Save Percentage 0.914 Denis DeJordy
8%
Best Career Goals Against Average 2.75 Denis DeJordy
8%
Most Games Played 1013 Eric Nesterenko
5%
Most Shutouts 17 Al Rollins
3%
Best Career Save Percentage 0.908 Al Rollins
3%
Most Games Played (Goalie) 316 Mike Karakas
3%
Most Wins 114 Mike Karakas
3%
Most Shutouts 28 Mike Karakas
3%
Most Game Winning Goals 39 Cliff Koroll
2%
No matching quizzes found
Score Distribution
Percent of People with Each Score
Percentile by Number Answered
Your Score History
You have not taken this quiz